000 01158ncm a2200325 c 4500
999 _c352920
_d352920
003 BLK
005 20200409114642.0
008 180414b bul |a|er|||| |0| c|bulo|
010 _aNOT00002777000
040 _aBLK
041 _aRUS
_cRUS
080 _aВалдхорна
_b788.42
080 _aДухови оркестри
_b785.1:788
100 1 _aГедике, Александр Федорович
_eпърви автор
_9389033
139 _aГедике, Александр Федорович
_bГ 28
245 1 0 _aКонцерт для валторны с оркестром
_bКлавир
_cАлександр Федорович Гедике.
254 _aКлавир
257 _aRUS
260 _bМузыка
_c1982
_9402764
_aМосква
300 _a27 с.
_c29 см
380 _a7
650 7 _aОркестри, духови
_9165191
653 _aконцерти
653 7 _aвалдхорни
_9182842
653 _aтромпети
852 _aЦб М ІІ 8867
_p0
856 4 _qpdf
_u
856 4 _qpdf
_u
942 _cNOT
_n0
_s1
944 _aCR
_c2020-04-09
_kВ. Т.
999 _d313105